| 000 | 00759nam a2200241 a 4500 | ||
|---|---|---|---|
| 001 | 67515 | ||
| 003 | BD-RjUL | ||
| 005 | 20211209081650.0 | ||
| 008 | 170325s1991 gw a b 001 0 eng | ||
| 020 | _a8173190089 | ||
| 035 | _a(BD-RjUL)67646 | ||
| 040 |
_aDLC _cDLC _dDLC _dBD-RjUL _beng |
||
| 041 | _aeng | ||
| 082 | 0 | 0 |
_223 _a621.3822 _bDAO 1991 |
| 100 | 1 |
_aDas, Pankaj K., _d1937- _9200062 |
|
| 245 | 1 | 0 |
_aOptical signal processing : _bfundamentals / _cPankaj K. Das. |
| 260 |
_aBerlin ; _aNew York : _bSpringer-Verlag, _cc1991. |
||
| 300 |
_axi, 483 p. : _bill. ; _c24 cm. |
||
| 504 | _aIncludes bibliographical references (p. 469-470) and index. | ||
| 650 | 0 |
_aOptical data processing. _9119354 |
|
| 650 | 0 |
_aSignal processing. _9200063 |
|
| 942 |
_2ddc _cBK |
||
| 999 |
_c67515 _d67515 |
||